| 000 | 00814nam a2200205 a 4500 | ||
|---|---|---|---|
| 001 | BRCA_662 | ||
| 005 | 20190320203111.0 | ||
| 008 | 160408s2002----sp-a---###---#000-0#spa-# | ||
| 020 | _a8489913404 | ||
| 050 | 4 |
_aN3444 _b.O27 2002 |
|
| 245 | 1 | 0 | _aObras maestras de la colección Lázaro Galdiano. |
| 260 |
_aMadrid _bFundación Lázaro Galdiano : Fundación Santander Central Hispano _c2002 |
||
| 300 |
_a319 p. _bil. a color _c30 cm. |
||
| 500 | _aCatálogo de la exposición realizada en la Fundación Santander Central Hispano, 16 diciembre 2002 - 9 febrero 2003 | ||
| 504 | _aBibliografía: p. 306-317 | ||
| 610 | 2 | 4 |
_aFundación Lázaro Galdiano _xColecciones de arte _zMadrid _92205 |
| 650 | 1 | 4 |
_aPintura _vColecciones _xAntigüos maestros _92206 |
| 650 | 1 | 4 |
_aArtes visuales _xObras maestras _92207 |
| 942 |
_2lcc _cB |
||
| 999 |
_c573 _d573 |
||